Statistics for Current NRL Teams

Click here to take the quiz!

General Stats

  • This quiz has been taken 43 times
  • The average score is 14 of 17

Answer Stats

PremiershipsAnswer% Correct
4Panthers
97%
4Storm
91%
21Rabbitohs
88%
0Titans
88%
8Bulldogs
85%
0Warriors
85%
6Broncos
82%
0Dolphins
82%
12Tigers
82%
4Eels
79%
2Knights
79%
3Raiders
79%
15Roosters
79%
16Dragons
76%
1Sharks
76%
1Cowboys
74%
8Sea Eagles
74%

Score Distribution

Percentile by Number Answered

Percent of People with Each Score

Your Score History

You have not taken this quiz